[Event "Skopje ol (Men) fin-A"]
[Site "Skopje"]
[Date "1972.10.03"]
[Round "7.1"]
[White "Hamann, Svend"]
[Black "Gheorghiu, Florin"]
[Result "0-1"]
[WhiteElo "2490"]
[BlackElo "2520"]

1. d4 Nf6 2. c4 c5 3. d5 b5 4. cxb5 a6 5. e3 g6 6. Nc3 d6 7. bxa6 Bg7 8. e4 O-O  9. f4 Qa5 10. Bd2 Bxa6 11. Bxa6 Nxa6 12. Nf3 Nb4 13. O-O c4 14. Kh1 Nd3 15. Qe2  Rfb8 16. Rab1 Rxb2 17. Rxb2 Nxb2 18. Nd4 Nd3 19. Nc6 Qc7 20. e5 Ne8 21. exd6  Nxd6 22. Nxe7+ Kf8 23. Nc6 Re8 24. Qf3 Qb6 25. Nd1 Ne4 26. Ba5 Qb5 27. f5 Qxd5  28. fxg6 hxg6 29. Nd8 f5 30. Bb6 Bf6 31. Ne3 Qd7 32. g4 f4 33. Nxc4 Bxd8 34.  Bxd8 Qxd8 35. Kg2 Qd4 36. Rd1 Nef2 37. Nd6 Qxd6 38. Qxf2 Qc6+ 0-1

[Event "Skopje ol (Men) fin-A"]
[Site "Skopje"]
[Date "1972.10.03"]
[Round "7.1"]
[White "Hug, Werner"]
[Black "Huebner, Robert"]
[Result "1/2-1/2"]
[WhiteElo "2475"]
[BlackElo "2590"]

1. e4 c5 2. Nc3 Nc6 3. g3 g6 4. Bg2 Bg7 5. d3 e6 6. Nh3 Nge7 7. O-O d6 8. Be3  O-O 9. Qd2 e5 10. Bh6 f6 11. Bxg7 Kxg7 12. f4 Be6 13. Nd5 Bxd5 14. exd5 Nb4 15.  fxe5 dxe5 16. d4 exd4 17. Nf4 Qd6 18. Ne6+ Kg8 19. Nxf8 Rxf8 20. c3 Nbxd5 21.  cxd4 c4 22. Qe2 b5 23. a4 a6 24. axb5 axb5 25. Rfe1 Nf5 26. Qe6+ Qxe6 27. Rxe6  Nb4 28. d5 Nd3 29. Rb6 Nxb2 30. Rxb5 Nd3 31. Bf1 Ne5 32. Rc5 Kg7 33. Bxc4 Rb8  34. Rb5 Rc8 35. Bb3 Rc3 36. Bd1 Rd3 37. Bc2 Rd2 38. Bxf5 Nf3+ 1/2-1/2

[Event "Skopje ol (Men) fin-A"]
[Site "Skopje"]
[Date "1972.10.03"]
[Round "7.1"]
[White "Schmidt, Wlodzimierz"]
[Black "Tringov, Georgi P"]
[Result "1/2-1/2"]
[WhiteElo "2450"]
[BlackElo "2460"]

1. Nf3 Nf6 2. c4 c5 3. Nc3 Nc6 4. d4 cxd4 5. Nxd4 e6 6. g3 Qb6 7. Nb3 Bb4 8.  Bg2 Qa6 9. c5 b6 10. cxb6 axb6 11. O-O Bb7 1/2-1/2

[Event "Skopje ol (Men) fin-A"]
[Site "Skopje"]
[Date "1972.10.03"]
[Round "7.2"]
[White "Bilek, Istvan"]
[Black "Smejkal, Jan"]
[Result "1/2-1/2"]
[WhiteElo "2485"]
[BlackElo "2545"]

1. Nf3 c5 2. g3 g6 3. Bg2 Bg7 4. O-O Nc6 5. d3 d6 6. Nc3 e5 7. e4 Nge7 8. Nd2  Rb8 9. a4 a6 10. Nc4 b5 11. axb5 axb5 12. Ne3 O-O 13. Ncd5 Nxd5 14. Nxd5 Ne7  15. Bg5 f6 16. Nxe7+ Qxe7 17. Be3 Bb7 18. Qd2 b4 19. Ra7 Ra8 20. Rfa1 Rxa7 21.  Rxa7 Ra8 1/2-1/2

[Event "Skopje ol (Men) fin-A"]
[Site "Skopje"]
[Date "1972.10.03"]
[Round "7.2"]
[White "Ciocaltea, Victor"]
[Black "Jakobsen, Ole"]
[Result "1-0"]
[WhiteElo "2470"]
[BlackElo "2440"]

1. e4 c5 2. Nf3 e6 3. d3 Nc6 4. g3 d6 5. Bg2 Nf6 6. O-O Be7 7. Re1 O-O 8. c3  Bd7 9. a3 b5 10. Nbd2 Qc7 11. h3 a5 12. a4 bxa4 13. Nc4 Ne5 14. Nfxe5 dxe5 15.  f4 exf4 16. Bxf4 Qa7 17. Kh2 Rfd8 18. Qe2 Rac8 19. b3 Bc6 20. bxa4 Nd7 21. Reb1  e5 22. Bxe5 Nxe5 23. Nxe5 Be8 24. Nc4 Rb8 25. Rxb8 Rxb8 26. e5 Bd7 27. Bd5 Be6  28. Bxe6 fxe6 29. Ra2 Qd7 30. Nxa5 Ra8 31. Nc4 Rxa4 32. Rb2 Ra1 33. Rb8+ Bf8  34. Qf2 Qf7 35. Qxf7+ Kxf7 36. Nd6+ Bxd6 37. exd6 Ra7 38. Rc8 Rd7 39. Rc7 Ke8  40. Rxc5 Rxd6 41. d4 Kf7 42. Kg2 Ra6 43. Kf3 Kf6 44. h4 h6 45. g4 g5 46. h5 Ke7  47. Rc8 Ra1 48. Rh8 Rc1 49. Rxh6 Rxc3+ 50. Ke4 Rg3 51. Rg6 Rxg4+ 52. Ke5 Rg1  53. Rxe6+ Kf7 54. Rg6 g4 55. Kd6 g3 56. d5 g2 57. Rg3 Ke8 58. h6 Rh1 59. Rg8+  Kf7 60. Rxg2 Rxh6+ 61. Kd7 Kf6 62. Re2 Rh1 63. d6 Ra1 64. Kc7 Rc1+ 65. Kd8 Kf7  66. Re7+ Kf8 67. Rc7 Ra1 68. d7 Kf7 69. Rc2 Ra8+ 70. Kc7 Ra7+ 71. Kc8 Ra8+ 72.  Kb7 Rd8 73. Kc7 1-0

[Event "Skopje ol (Men) fin-A"]
[Site "Skopje"]
[Date "1972.10.03"]
[Round "7.2"]
[White "Darga, Klaus"]
[Black "Lombard, Andre"]
[Result "1/2-1/2"]
[WhiteElo "2540"]
[BlackElo "2380"]

1. c4 e6 2. Nf3 b6 3. g3 Bb7 4. Bg2 Nf6 5. O-O Be7 6. b3 O-O 7. Bb2 d5 8. cxd5  Nxd5 9. Nc3 Nxc3 10. Bxc3 c5 11. d4 cxd4 12. Qxd4 Qxd4 13. Nxd4 Bxg2 14. Kxg2  Rc8 15. Rac1 Nc6 16. Nxc6 Rxc6 17. Be5 Rac8 18. Rxc6 Rxc6 19. Rd1 f6 20. Rd7  Kf8 21. Bf4 a6 22. Ra7 b5 23. Be3 Bd6 24. h4 h5 1/2-1/2

[Event "Skopje ol (Men) fin-A"]
[Site "Skopje"]
[Date "1972.10.03"]
[Round "7.2"]
[White "Diez del Corral, Jesus"]
[Black "Byrne, Robert E"]
[Result "0-1"]
[WhiteElo "2470"]
[BlackElo "2560"]

1. e4 c5 2. Nf3 Nc6 3. Bb5 e6 4. O-O Nge7 5. Re1 a6 6. Bf1 Ng6 7. c3 Be7 8. d4  cxd4 9. cxd4 d5 10. e5 Bd7 11. b3 Rc8 12. Bb2 O-O 13. Nc3 Na5 14. g3 Qb6 15.  Re3 Rc7 16. h4 Rfc8 17. h5 Nf8 18. Rc1 h6 19. Bd3 Qa7 20. Bb1 b5 21. Nh2 b4 22.  Ne2 Bb5 23. Rxc7 Qxc7 24. f4 Nc6 25. Nf3 Nd8 26. g4 Nh7 27. Kf2 a5 28. Qg1 a4  29. bxa4 Bxa4 30. g5 Kh8 31. Ne1 hxg5 32. Bxh7 gxf4 33. Rh3 Kxh7 34. Nxf4 Bc2  35. Ned3 Bxd3 36. Nxd3 Nc6 37. Qg4 Na5 38. Rf3 Qc2+ 39. Kf1 Qd1+ 40. Kg2 Rc2+  41. Nf2 Nc4 42. Qf4 Rxb2 0-1

[Event "Skopje ol (Men) fin-A"]
[Site "Skopje"]
[Date "1972.10.03"]
[Round "7.2"]
[White "Rubinetti, Jorge Alberto"]
[Black "Ivkov, Borislav"]
[Result "1/2-1/2"]
[WhiteElo "2410"]
[BlackElo "2520"]

1. e4 e6 2. d4 d5 3. Nd2 c5 4. dxc5 Bxc5 5. Bd3 Nc6 6. Ngf3 Nf6 7. O-O dxe4 8.  Nxe4 Nxe4 9. Bxe4 Qxd1 10. Rxd1 f6 11. c3 Bd7 12. Be3 Bxe3 13. fxe3 Ke7 14. Rd2  e5 15. Rad1 Be6 16. b3 Rad8 17. Rxd8 Nxd8 18. Nh4 b6 19. Nf5+ Bxf5 20. Bxf5 Ne6  21. Kf2 Nc5 22. Ke2 g6 23. Bc2 Rc8 24. c4 f5 25. Rd5 e4 26. Kd2 h5 27. Kc3 h4  28. h3 Rc7 29. b4 Ne6 30. Bd1 Rd7 31. Rxd7+ Kxd7 32. Ba4+ Kd6 33. Be8 g5 34.  Bf7 f4 35. Kd2 Nc7 36. Ke2 Ke5 37. a3 a5 38. c5 bxc5 39. bxa5 Kd6 40. Bc4 Kc6  41. a6 Kb6 42. Kd2 Ne8 43. a4 Nd6 44. Be2 Nf5 45. exf4 gxf4 46. Bb5 Nd6 47. Be2  Nf5 48. Bb5 Ne3 49. a5+ Ka7 50. Kc3 Nxg2 51. Bc6 Ne3 52. Bxe4 Kxa6 53. Kd3 Kxa5  54. Bg6 c4+ 55. Ke4 c3 56. Kxf4 Nd5+ 57. Kg5 Kb4 58. Kxh4 Nf4 59. Bb1 Nxh3  1/2-1/2

[Event "Skopje ol (Men) fin-A"]
[Site "Skopje"]
[Date "1972.10.03"]
[Round "7.3"]
[White "Filipowicz, Andrzej"]
[Black "Padevsky, Nikola"]
[Result "1/2-1/2"]
[WhiteElo "2405"]
[BlackElo "2430"]

1. e4 d6 2. d4 Nf6 3. Nc3 g6 4. f4 Bg7 5. Nf3 c5 6. Bb5+ Nfd7 7. dxc5 dxc5 8.  O-O O-O 9. e5 a6 10. Bd3 Nb6 11. Be3 Qc7 12. Qe1 c4 13. Be2 e6 14. Rd1 f5 15.  Qf2 N6d7 16. Ng5 Re8 17. Rd6 Nxe5 18. fxe5 Bxe5 19. Rdd1 Bxh2+ 20. Kh1 Bg3 21.  Qf3 Be5 22. Qh3 h5 23. Nf3 Bf6 24. Nh4 Bxh4 25. Qxh4 Nd7 26. Bxh5 Nf8 27. Rxf5  exf5 28. Nd5 Qc6 29. Nf6+ Kf7 30. Nxe8 Qxe8 31. Bd4 Qe6 32. Re1 Qd6 33. Bxg6+  Kxg6 34. Re7 f4 35. g4 Qxd4 36. Qh5+ Kf6 37. Qf7+ Kg5 38. Qh5+ Kf6 39. Qf7+ Kg5  40. Qh5+ 1/2-1/2

[Event "Skopje ol (Men) fin-A"]
[Site "Skopje"]
[Date "1972.10.03"]
[Round "7.3"]
[White "Jansa, Vlastimil"]
[Black "Forintos, Gyozo V"]
[Result "1/2-1/2"]
[WhiteElo "2480"]
[BlackElo "2495"]

1. e4 c5 2. Nf3 Nc6 3. d4 cxd4 4. Nxd4 g6 5. c4 Nf6 6. Nc3 Nxd4 7. Qxd4 d6 8.  f3 Bg7 9. Be3 Be6 10. Rc1 Qa5 11. Qd2 Rc8 12. b3 a6 13. Be2 O-O 14. O-O Rfe8  15. Rc2 Rc6 16. Rfc1 Bd7 17. Rb1 Ra8 18. b4 Qd8 19. Rbc1 Rcc8 20. a4 1/2-1/2

[Event "Skopje ol (Men) fin-A"]
[Site "Skopje"]
[Date "1972.10.03"]
[Round "7.3"]
[White "Liebert, Heinz"]
[Black "Hartoch, Robert G"]
[Result "1/2-1/2"]
[WhiteElo "2400"]
[BlackElo "2430"]

1. Nf3 c5 2. c4 Nf6 3. g3 Nc6 4. Bg2 d6 5. O-O g6 6. Nc3 Bg7 7. d4 cxd4 8. Nxd4  Bd7 9. Nc2 O-O 10. b3 Qa5 11. Bd2 Qh5 12. f3 Bh3 13. e4 Bh6 14. Bxh3 Qxh3 15.  Bxh6 Qxh6 16. Qe2 Nd7 17. Rad1 Rfc8 18. Nd5 a6 19. Nd4 Qf8 20. Rf2 Rab8 21.  Nxc6 bxc6 22. Nc3 Qg7 23. Qe3 Rb7 24. f4 Qf6 25. Kg2 Qg7 26. Rfd2 f6 27. Na4 c5  28. Nc3 Nf8 29. e5 fxe5 30. fxe5 Qxe5 31. Qxe5 dxe5 32. Rd5 e6 33. Rxe5 Rc6 34.  Ne4 Rbc7 35. Rd8 h6 36. Nc3 Kf7 37. Re2 Nd7 38. Ra8 Rc8 39. Ra7 R8c7 40. Rf2+  Ke7 41. Ra8 Rc8 42. Ra7 R8c7 43. Rxc7 Rxc7 44. Ne4 a5 45. Nc3 Rc6 1/2-1/2

[Event "Skopje ol (Men) fin-A"]
[Site "Skopje"]
[Date "1972.10.03"]
[Round "7.3"]
[White "Sloth, Jorn"]
[Black "Ghizdavu, Dumitru"]
[Result "1/2-1/2"]
[WhiteElo "2385"]
[BlackElo "2385"]

1. c4 g6 2. Nf3 Bg7 3. Nc3 d6 4. d4 Nc6 5. d5 Ne5 6. Nxe5 Bxe5 7. g3 Bg7 8. Bg2  e5 9. dxe6 fxe6 10. O-O Ne7 11. Bg5 O-O 12. Qd2 a6 13. Rad1 Qe8 14. Bh6 Bxh6  15. Qxh6 Rb8 16. Ne4 Nf5 17. Qd2 b6 18. g4 Ng7 19. g5 Nh5 20. e3 Bb7 21. f4 Rf7  22. Qc3 Qe7 23. Nf2 Bxg2 24. Ng4 Rg7 25. Kxg2 1/2-1/2

[Event "Skopje ol (Men) fin-A"]
[Site "Skopje"]
[Date "1972.10.03"]
[Round "7.4"]
[White "Csom, Istvan"]
[Black "Pribyl, Josef"]
[Result "1-0"]
[WhiteElo "2485"]
[BlackElo "2435"]

1. Nf3 Nf6 2. g3 g6 3. Bg2 Bg7 4. d4 d5 5. O-O O-O 6. c4 dxc4 7. Na3 c3 8. bxc3  c5 9. Ne5 Nbd7 10. Nxd7 Nxd7 11. Rb1 Nb6 12. dxc5 Qxd1 13. Rxd1 Na4 14. Bxb7  Bxb7 15. Rxb7 Nxc3 16. Rd2 Rfc8 17. Nb5 Rxc5 18. Nxc3 Bxc3 19. Rdd7 Bf6 20. Ba3  Rc2 21. Bxe7 Bxe7 22. Rxe7 Rf8 23. Rxa7 h5 24. h4 Kg7 25. Kg2 Kf6 26. a4 Ra2  27. e4 1-0

[Event "Skopje ol (Men) fin-A"]
[Site "Skopje"]
[Date "1972.10.03"]
[Round "7.4"]
[White "Dueball, Juergen"]
[Black "Gereben, Erno"]
[Result "1-0"]
[WhiteElo "2425"]
[BlackElo "2335"]

1. e4 e5 2. Nf3 Nc6 3. Bb5 a6 4. Ba4 Nf6 5. O-O Be7 6. Re1 b5 7. Bb3 d6 8. c3  O-O 9. h3 Na5 10. Bc2 c5 11. d4 Qc7 12. Nbd2 Bd7 13. Nf1 cxd4 14. cxd4 Rfc8 15.  Ne3 Nc6 16. a3 Nxd4 17. Nxd4 exd4 18. Qxd4 Be6 19. Bd2 Nd7 20. Rac1 Qc5 21. Qd3  Qh5 22. Nd5 Bxd5 23. exd5 Bf6 24. b3 Nc5 25. Qe3 Rab8 26. b4 Nd7 27. Bd1 Qxd5  28. Rxc8+ Rxc8 29. Bg4 Qb7 30. Qf3 Rc6 31. Re8+ Nf8 32. Qxf6 h5 33. Rxf8+ 1-0

[Event "Skopje ol (Men) fin-A"]
[Site "Skopje"]
[Date "1972.10.03"]
[Round "7.4"]
[White "Enklaar, Bertus F"]
[Black "Schoeneberg, Manfred"]
[Result "1-0"]
[WhiteElo "2410"]
[BlackElo "2470"]

1. b3 c5 2. Bb2 Nc6 3. e3 d5 4. Bb5 Nf6 5. Nf3 Bg4 6. h3 Bxf3 7. Qxf3 e6 8. g4  Ne4 9. Nc3 Nd6 10. Bxc6+ bxc6 11. h4 Rb8 12. Na4 c4 13. g5 h6 14. O-O-O cxb3  15. axb3 Nc4 16. Bc3 Na5 17. Rdg1 hxg5 18. hxg5 Rxh1 19. Rxh1 Nxb3+ 20. cxb3  Rxb3 21. g6 f5 22. Rh8 Qe7 23. Qf4 c5 24. Qe5 Kd7 25. Rxf8 Qxf8 26. Qxg7+ Qxg7  27. Bxg7 Ke7 28. Nxc5 Rb4 29. Bc3 Rg4 30. g7 Kd6 31. Nd3 a5 32. Kb2 a4 33. Ne5  1-0

[Event "Skopje ol (Men) fin-A"]
[Site "Skopje"]
[Date "1972.10.03"]
[Round "7.4"]
[White "Peev, Peicho Chonev"]
[Black "Sydor, Andrzej"]
[Result "1-0"]
[WhiteElo "2425"]
[BlackElo "2390"]

1. d4 Nf6 2. c4 e6 3. Nf3 d5 4. Nc3 Bb4 5. e3 O-O 6. a3 Be7 7. b4 a5 8. b5 c5  9. Bb2 Nbd7 10. Rc1 b6 11. cxd5 Nxd5 12. Nxd5 exd5 13. dxc5 Nxc5 14. Nd4 Bf6  15. a4 Qd6 16. Be2 Bd7 17. O-O Be5 18. h3 f5 19. Ba3 f4 20. exf4 Rxf4 21. Nf3  Re8 22. Nxe5 Rxe5 23. Rc3 Qg6 24. Rg3 Qe8 25. Bf3 Ne4 26. Bxe4 Rfxe4 27. Bb2  Re7 28. Qxd5+ Kh8 29. Bd4 Re1 30. Rxe1 Rxe1+ 31. Kh2 1-0

[Event "Skopje ol (Men) fin-A"]
[Site "Skopje"]
[Date "1972.10.03"]
[Round "7.4"]
[White "Toran Albero, Roman"]
[Black "Martz, William E"]
[Result "1/2-1/2"]
[WhiteElo "2420"]
[BlackElo "2420"]

1. Nf3 c5 2. c4 Nc6 3. Nc3 g6 4. g3 Bg7 5. Bg2 e6 6. O-O Nge7 7. b3 O-O 8. Bb2  d5 9. Na4 e5 10. cxd5 Nxd5 11. e4 Ndb4 12. Nxc5 b6 13. a3 bxc5 14. axb4 cxb4  15. d4 exd4 16. e5 Bg4 17. h3 Bxf3 18. Bxf3 Qb6 19. Bxc6 Qxc6 20. Qxd4 1/2-1/2

[Event "Skopje ol (Men) fin-A"]
[Site "Skopje"]
[Date "1972.10.04"]
[Round "8.1"]
[White "Bilek, Istvan"]
[Black "Hamann, Svend"]
[Result "1/2-1/2"]
[WhiteElo "2485"]
[BlackElo "2490"]

1. Nf3 c5 2. b3 d5 3. e3 Nf6 4. Bb2 Nbd7 5. c4 dxc4 6. bxc4 g6 7. Be2 Bg7 8.  O-O O-O 9. Qc2 b6 10. Nc3 Bb7 11. d3 Nb8 12. Rad1 Nc6 13. a3 Rc8 14. Nd2 e6 15.  Nce4 Nxe4 16. Nxe4 Qe7 17. Bxg7 Kxg7 18. Qb2+ f6 19. f4 Na5 20. Bf3 Bxe4 21.  Bxe4 Kg8 22. Bf3 Qg7 23. Rf2 f5 24. Qxg7+ Kxg7 25. Rb2 Rfd8 26. g4 Rc7 27. gxf5  gxf5 28. Kf2 Rcd7 29. Ke2 Kf6 30. Rbb1 Rg7 31. Rg1 Rdg8 32. Rxg7 Rxg7 33. Kf2  Rd7 34. Ke2 Rg7 35. Kf2 Rd7 36. Ke2 1/2-1/2

[Event "Skopje ol (Men) fin-A"]
[Site "Skopje"]
[Date "1972.10.04"]
[Round "8.1"]
[White "Gheorghiu, Florin"]
[Black "Ivkov, Borislav"]
[Result "1/2-1/2"]
[WhiteElo "2520"]
[BlackElo "2520"]

1. d4 Nf6 2. c4 e6 3. Nf3 b6 4. Nc3 Bb7 5. a3 d5 6. cxd5 exd5 7. b4 Be7 8. e3  O-O 9. Be2 Nbd7 10. Qb3 c6 11. O-O Bd6 12. a4 a6 13. a5 b5 14. Bd3 Qe7 15. Rb1  Ne4 1/2-1/2

[Event "Skopje ol (Men) fin-A"]
[Site "Skopje"]
[Date "1972.10.04"]
[Round "8.1"]
[White "Petrosian, Tigran V"]
[Black "Hug, Werner"]
[Result "1-0"]
[WhiteElo "2645"]
[BlackElo "2475"]

1. Nf3 e6 2. g3 f5 3. Bg2 Nf6 4. O-O Be7 5. b3 O-O 6. Bb2 a5 7. a3 Qe8 8. c4 d6  9. d4 Qh5 10. Nc3 Nbd7 11. e3 c6 12. Ne2 g5 13. b4 axb4 14. axb4 Rxa1 15. Bxa1  d5 16. c5 Ng4 17. h3 Nh6 18. Bc3 Nf7 19. b5 Bf6 20. Qa1 cxb5 21. Rb1 Nd8 22.  Rxb5 Nc6 23. Qb2 Qf7 24. Ne1 Bd8 25. Rb3 Bc7 26. Nd3 Qg7 27. Qa2 Nf6 28. Be1  Nh5 29. Bf3 Nf6 30. Bg2 Nh5 31. Bd2 Kh8 32. Qb1 Bb8 33. Ra3 Bc7 34. Ra8 h6 35.  Qd1 Qg6 36. Bc1 Qh7 37. Nc3 Nf6 38. Nb5 Qg7 39. Nd6 Qd7 40. Ne5 Nxe5 41. dxe5  Ne4 42. Ba3 Bxd6 43. exd6 Rg8 1-0

[Event "Skopje ol (Men) fin-A"]
[Site "Skopje"]
[Date "1972.10.04"]
[Round "8.2"]
[White "Bednarski, Jacek B"]
[Black "Malich, Burkhard"]
[Result "0-1"]
[WhiteElo "2395"]
[BlackElo "2490"]

1. e4 c5 2. Nf3 e6 3. d4 cxd4 4. Nxd4 Nf6 5. Nc3 d6 6. Bc4 Be7 7. Bb3 O-O 8. f4  Na6 9. Qf3 Nc5 10. Be3 a6 11. g4 d5 12. e5 Nfe4 13. Nxe4 dxe4 14. Qh3 Qa5+ 15.  Bd2 Qc7 16. g5 Rd8 17. Bc3 b5 18. O-O-O b4 19. Bxb4 Nd3+ 20. Rxd3 exd3 21. Bxe7  d2+ 22. Kd1 Rxd4 23. Qe3 Bb7 24. Rf1 Re4 25. Qc5 Qd7 26. Bd6 Rc8 27. Qf2 a5 28.  a4 Ba6 29. Rg1 Bc4 30. Qxd2 Qa7 31. Qg2 Qd4+ 32. Kc1 Bxb3 33. Rd1 Qe3+ 0-1

[Event "Skopje ol (Men) fin-A"]
[Site "Skopje"]
[Date "1972.10.04"]
[Round "8.2"]
[White "Filip, Miroslav"]
[Black "Pfleger, Helmut"]
[Result "1/2-1/2"]
[WhiteElo "2510"]
[BlackElo "2545"]

1. c4 Nf6 2. Nc3 c6 3. Nf3 d5 4. e3 g6 5. d4 Bg7 6. Be2 O-O 7. O-O a5 8. Bd2  dxc4 9. Bxc4 Nbd7 10. Rc1 Nb6 11. Be2 Be6 12. Qc2 Nfd5 13. a3 Nxc3 14. Bxc3 Qd7  15. Ng5 Bc4 16. Bxc4 Nxc4 17. Ne4 Qd5 18. a4 f5 19. Nc5 b6 20. Nd3 g5 21. b3  Nd6 22. Ne5 Ne4 23. Bb2 Bxe5 24. dxe5 Rac8 25. Bd4 c5 26. Bb2 g4 27. Rfd1 Qe6  28. Rd3 Rfd8 29. Qd1 Rxd3 30. Qxd3 Kf7 31. Kf1 Rc7 32. Rd1 c4 33. bxc4 Qxc4 34.  f3 gxf3 35. gxf3 Qxd3+ 36. Rxd3 Nc5 37. Rd4 Rd7 38. Rh4 Kg6 39. Ke2 Rd5 40. Rc4  Kf7 41. Bd4 Ke6 42. Bxc5 Rxc5 1/2-1/2

[Event "Skopje ol (Men) fin-A"]
[Site "Skopje"]
[Date "1972.10.04"]
[Round "8.2"]
[White "Lombard, Andre"]
[Black "Tal, Mikhail "]
[Result "0-1"]
[WhiteElo "2380"]
[BlackElo "2625"]

1. d4 Nf6 2. c4 e6 3. Nf3 c5 4. e3 cxd4 5. exd4 b6 6. Nc3 Bb7 7. Bd3 Be7 8. O-O  d5 9. cxd5 Nxd5 10. Qe2 O-O 11. Re1 Nc6 12. Bd2 Nf6 13. Be3 Nb4 14. Bb1 Rc8 15.  a3 Nbd5 16. Bd2 g6 17. Ne5 Nh5 18. Be4 Ng7 19. Rac1 Nxc3 20. Bxc3 Bd5 21. Qf3  Bg5 22. Rcd1 f6 23. Nd3 Bb3 24. Ra1 Rf7 25. Nf4 Bxf4 26. Qxf4 Bd5 27. Bd3 Qd7  28. h3 Ne8 29. Re3 Bc4 30. Be4 Qd6 31. Qh4 Rg7 32. Bc2 Bd5 33. Rae1 a5 34. Qg4  Nc7 35. Bd3 Rf8 36. Qe2 Re8 37. Rg3 Bc6 38. Bc4 Qd7 39. Ba2 Bd5 40. Bb1 Nb5 41.  Rc1 Bb7 42. Qg4 Rc8 43. Qf4 Rf8 44. Ba2 Bd5 45. Bb1 g5 46. Qd2 Rff7 47. Re1 Nd6  48. Bd3 f5 49. Rge3 Rf6 50. f3 Nc8 51. Rc1 Ne7 52. Qc2 Rf8 53. Be1 Ng6 54. Bf2  Nf4 55. Bf1 g4 56. Bg3 Nxg2 57. Rc3 Ne3 58. Rxe3 gxf3 59. Qc7 f4 60. Qxd7 Rxd7  61. Bxf4 Rxf4 62. Rd3 Bb7 63. Rb3 Rfxd4 64. Rxb6 Bd5 65. Kf2 Kg7 66. Ke3 Re4+  67. Kf2 Kf6 68. Rc3 Rd4 69. Ke3 Rd1 70. Bd3 Kg5 71. Bc4 Bxc4 72. Rxc4 R7d3+ 73.  Kf2 R1d2+ 74. Kf1 Re2 75. Rb5+ e5 76. Rc1 Rdd2 77. Re1 Rf2+ 0-1

[Event "Skopje ol (Men) fin-A"]
[Site "Skopje"]
[Date "1972.10.04"]
[Round "8.2"]
[White "Medina Garcia, Antonio Angel"]
[Black "Zuidema, Coenraad"]
[Result "1/2-1/2"]
[WhiteElo "2380"]
[BlackElo "2430"]

1. e4 e5 2. Nf3 Nc6 3. Bb5 a6 4. Ba4 Nf6 5. O-O Be7 6. Re1 b5 7. Bb3 d6 8. c3  O-O 9. d3 Na5 10. Bc2 c5 11. Nbd2 Nc6 12. Nf1 Re8 13. Bg5 h6 14. Bh4 Nd7 15.  Bg3 Bf6 16. a4 Nb6 17. axb5 axb5 18. Rxa8 Nxa8 19. Ne3 Nb6 20. Bb3 Na5 21. Ba2  Be6 22. Qa1 Qa8 23. Bxe6 Rxe6 24. Qa2 Re7 25. Nf5 Ra7 26. Qb1 Qc6 27. Nd2 Bg5  28. Nf1 g6 29. h4 gxf5 30. hxg5 hxg5 31. exf5 f6 32. Ne3 Nb3 33. Qd1 Ra1 34.  Qe2 Rxe1+ 35. Qxe1 Nd5 36. Ng4 Kg7 37. Qd1 c4 38. f3 Nc7 39. Ne3 Nd5 40. Nc2  Nc5 41. d4 Na4 42. Qa1 Ne7 43. Ne3 exd4 44. cxd4 Qb6 45. Bf2 d5 46. Qa3 Kf7 47.  Qb4 Nc6 48. Qd6 Ne7 49. Qb4 Nc6 50. Qd6 Ne7 1/2-1/2

[Event "Skopje ol (Men) fin-A"]
[Site "Skopje"]
[Date "1972.10.04"]
[Round "8.3"]
[White "Csom, Istvan"]
[Black "Holm, Sejer"]
[Result "1-0"]
[WhiteElo "2485"]
[BlackElo "2395"]

1. Nf3 f5 2. g3 g6 3. Bg2 Bg7 4. d4 Nf6 5. O-O O-O 6. c4 d6 7. b3 Ne4 8. Bb2  Nc6 9. Ne1 Ng5 10. e3 e5 11. d5 Ne7 12. f4 Nf7 13. Nc3 g5 14. Nd3 Ng6 15. Qd2  Bd7 16. Rae1 e4 17. Nf2 g4 18. Rc1 Qe7 19. Ne2 Bxb2 20. Qxb2 a5 21. Nd1 Rfb8  22. Ndc3 Qf6 23. Nd4 c5 24. dxc6 bxc6 25. Qa3 Ne7 26. Rfd1 h5 27. c5 d5 28. Na4  Nc8 29. Rd2 Ra7 30. Bf1 Nd8 31. Rcc2 Rb4 32. Rd1 Ne6 33. Nxe6 Bxe6 34. Rcd2 h4  35. Qb2 Qxb2 36. Rxb2 hxg3 37. hxg3 Ne7 38. Rdd2 Nc8 39. Nc3 Ne7 40. a3 Rb8 41.  Ne2 Bc8 42. Nd4 Bd7 43. Rh2 Kg7 44. Rh5 Raa8 45. Rbh2 Rh8 46. Rxh8 Rxh8 47.  Rxh8 Kxh8 48. Ba6 Kg7 49. Bb7 Kf8 50. b4 axb4 51. axb4 Ke8 52. b5 cxb5 53. c6  Bc8 54. Nxb5 Kd8 55. Kf2 Bxb7 56. cxb7 1-0

[Event "Skopje ol (Men) fin-A"]
[Site "Skopje"]
[Date "1972.10.04"]
[Round "8.3"]
[White "Debarnot, Roberto Luis"]
[Black "Martz, William E"]
[Result "1/2-1/2"]
[WhiteElo "2375"]
[BlackElo "2420"]

1. d4 Nf6 2. c4 e6 3. Nc3 Bb4 4. e3 c5 5. Bd3 Nc6 6. Nf3 Bxc3+ 7. bxc3 d6 8. e4  e5 9. d5 Ne7 10. Nh4 h6 11. g3 g5 12. Ng2 Bh3 13. O-O Ng6 14. Rb1 Qc7 15. Re1  Bxg2 16. Kxg2 O-O-O 17. Qa4 Kb8 18. Re2 Qd7 19. Rb5 Rc8 20. Reb2 Rc7 21. h3 Rg8  22. f3 Ne7 23. Rb1 h5 24. Be3 Nc8 25. Qc2 Qe7 26. Qd2 Nd7 27. a4 h4 28. g4 f6  29. a5 Rg7 30. Bc2 Nf8 31. Ba4 Qd8 32. Qb2 Rce7 33. Rb3 Qxa5 34. Bc6 Qc7 35.  Bxb7 Qxb7 36. Rxb7+ Rxb7 37. Qa2 Rxb1 38. Qxb1+ Rb7 39. Qa2 Nd7 40. Kf2 Ncb6  41. Ke2 Rc7 42. Kd3 Rc8 43. Qa6 Ka8 44. Bc1 Nb8 45. Qa5 Kb7 46. Qb5 a6 47. Qa5  Ka7 48. Be3 N8d7 49. Qa3 Rc7 1/2-1/2

[Event "Skopje ol (Men) fin-A"]
[Site "Skopje"]
[Date "1972.10.04"]
[Round "8.3"]
[White "Ghitescu, Theodor"]
[Black "Matanovic, Aleksandar"]
[Result "1/2-1/2"]
[WhiteElo "2450"]
[BlackElo "2515"]

1. Nf3 Nf6 2. c4 e6 3. g3 b6 4. Bg2 Bb7 5. O-O Be7 6. d3 O-O 7. e4 d6 8. Nc3 c5  9. Re1 Nc6 10. d4 e5 11. dxe5 dxe5 12. Nd5 Ne8 13. a3 Nc7 14. b4 Bd6 15. Bb2  Re8 16. b5 Nd4 17. a4 Nxf3+ 18. Bxf3 Ne6 19. Bg2 Nd4 20. a5 g6 1/2-1/2

[Event "Skopje ol (Men) fin-A"]
[Site "Skopje"]
[Date "1972.10.04"]
[Round "8.3"]
[White "Hecht, Hans Joachim"]
[Black "Jansa, Vlastimil"]
[Result "1/2-1/2"]
[WhiteElo "2485"]
[BlackElo "2480"]

1. e4 c5 2. Nf3 e6 3. Nc3 Nc6 4. Bb5 Nge7 5. O-O a6 6. Bxc6 Nxc6 7. d4 cxd4 8.  Nxd4 d6 9. Be3 Be7 10. Qh5 Qa5 11. Qe2 O-O 12. Rad1 Bd7 13. Nb3 Qc7 14. Na4 b5  15. Nb6 Rad8 16. Nxd7 Rxd7 17. c4 bxc4 18. Qxc4 Qb7 19. Rc1 Ne5 20. Qc2 Bd8 21.  Bd4 Bb6 22. Bxb6 Qxb6 23. Qc3 h6 24. Rfd1 Rb8 25. h3 Rbb7 26. Qd4 Nc6 27. Qxb6  Rxb6 28. Nc5 Rd8 29. Na4 Rb4 30. b3 Ne5 31. f3 g5 32. Rc7 Rb5 33. Kf2 Kf8 34.  Nc5 Rb6 35. Nb7 Rb8 36. Na5 Ke8 37. Ke3 Rd8 38. Rb7 Rb5 39. Rxb5 axb5 40. Nb7  Rb8 41. Nxd6+ Ke7 42. g3 f6 43. Rd2 h5 44. f4 Nc6 45. h4 g4 46. Ke2 Na7 47. Ke3  Nc6 1/2-1/2

[Event "Skopje ol (Men) fin-A"]
[Site "Skopje"]
[Date "1972.10.04"]
[Round "8.3"]
[White "Radulov, Ivan"]
[Black "Liljedahl, Lennart"]
[Result "1/2-1/2"]
[WhiteElo "2490"]
[BlackElo "2260"]

1. e4 Nf6 2. e5 Nd5 3. Nc3 e6 4. Nf3 d6 5. d4 Nc6 6. Bb5 Bd7 7. Nxd5 exd5 8.  O-O Be7 9. exd6 cxd6 10. c3 O-O 11. Bd3 Be6 12. Re1 Bf6 13. Bf4 Re8 14. h3 Qd7  15. Re3 g6 16. Qe2 Re7 17. Re1 Rae8 18. Qc2 Bg7 19. Qa4 Nxd4 20. Qxd7 Nxf3+ 21.  gxf3 Rxd7 22. Bb5 Red8 23. Bxd7 Rxd7 24. Rd3 h5 25. Be3 a6 26. Kg2 Re7 27. Rdd1  Bf6 28. Bd4 Bg5 29. Bb6 Rd7 30. a4 Kh7 31. Re2 Bf4 32. Rd4 g5 33. Rb4 Kg6 34.  Be3 Be5 35. a5 Kf5 36. h4 f6 37. hxg5 fxg5 38. Bd4 Rc7 39. Ra4 Bd7 40. Ra1 Bb5  41. Rd2 Rd7 42. b3 Bc6 43. Re1 Re7 44. Rde2 Re8 45. Re3 Re7 46. Kg1 Re8 47. Bb6  Rg8 48. Bd4 Re8 49. c4 dxc4 50. bxc4 Kf4 51. Rd3 Rg8 52. c5 Kf5 53. Bc3 Rg6 54.  Red1 dxc5 55. Bxe5 Kxe5 56. Rc3 h4 57. Rxc5+ Ke6 58. Re1+ Kd6 59. Rf5 g4 60. f4  g3 61. Rg5 Rf6 62. Rg4 Rf5 63. Ra1 Rh5 64. Rg5 Rh7 65. Ra2 g2 66. Rd2+ Ke6 67.  Re5+ Kf6 68. Rd6+ Kf7 69. Ree6 Rh5 70. Re5 Rh8 71. Ree6 1/2-1/2

[Event "Skopje ol (Men) fin-A"]
[Site "Skopje"]
[Date "1972.10.04"]
[Round "8.3"]
[White "Timman, Jan H"]
[Black "Toran Albero, Roman"]
[Result "1/2-1/2"]
[WhiteElo "2480"]
[BlackElo "2420"]

1. c4 Nf6 2. Nc3 g6 3. e4 d6 4. d4 Bg7 5. f3 c6 6. Be3 a6 7. Bd3 Nbd7 8. a4 e5  9. Nge2 O-O 10. O-O exd4 11. Nxd4 d5 12. cxd5 cxd5 13. exd5 Nb6 14. Bf2 Nbxd5  15. Qb3 Nf4 16. Rfd1 Nd7 17. Bf1 Qg5 18. Kh1 Nc5 1/2-1/2